000 00525nam a22001817a 4500
005 20240709104127.0
008 240709b |||||||| |||| 00| 0 eng d
020 _a9788123926469
082 _a614.19
_bSUB-P
100 _aSubrahmanyam BV
245 _aParikh's Textbook of Medical Jurisprudence Forensic Medicine and Toxicology /
_cSubrahmanyam BV
250 _a7th ed.
260 _aIndia:
_bCBS;
_c2016
300 _a722 P.
_bill;
_c24 cm.
500 _aInclude index .
650 _aMedical / Medicine
999 _c36082
_d36082